Movies Quiz

Random Movies or Superhero Quiz

MCU Eyes Quiz Stats

 Plays Quiz Updated Oct 10, 2020

Support Sporcle.
Go Orange.
Score 0/15 Timer 06:00
24 Plays Today
% Correct
Iron Man
97.2%
Rocket Raccoon
96.8%
Black Panther
96%
Vision
93.8%
Thor
93.2%
Spider-Man
92.9%
Hulk
91.5%
Scarlet Witch
90.8%
% Correct
Doctor Strange
89.6%
Captain America
88.2%
Captain Marvel
87.7%
Black Widow
86.7%
Hawkeye
85.1%
Ant-Man
79.3%
Star-Lord
72.9%

You're not logged in!

Compare scores with friends on all Sporcle quizzes.
OR
Log In

From the Vault

Video Game Objects

by strokes_static

It's mostly the art style that gives it away.
Remove Ads.
Support Sporcle.
Get the best of Sporcle when you Go Orange. This ad-free experience offers more features, more stats, and more fun while also helping to support Sporcle. Thank you for becoming a member.

Show Comments

Extras

Top Quizzes Today


Score Distribution

Your Account Isn't Verified!

In order to create a playlist on Sporcle, you need to verify the email address you used during registration. Go to your Sporcle Settings to finish the process.

Report this User

Report this user for behavior that violates our Community Guidelines.

Details: